| 000 | 01162nam a22004330a 4500 | ||
|---|---|---|---|
| 001 | PT28235 | ||
| 003 | AR-LpoUNG | ||
| 005 | 20210131233412.0 | ||
| 008 | 191001s1982||||mx |||||||||||||||||spa d | ||
| 020 |
_a9682310709 _c$17 |
||
| 040 |
_aAR-LpoUNG _bspa _cAR-LpoUNG _eaacr |
||
| 041 | _aspa | ||
| 044 | _amx | ||
| 082 | 0 | _a982.064 862arg | |
| 100 | 1 |
_aRouquié, Alain _ecomp. |
|
| 245 | 1 | 0 | _aArgentina, hoy |
| 250 | _a1ª edición | ||
| 260 |
_aMéxico, D. F. : _bSiglo Veintiuno, _c1982. |
||
| 300 |
_a279 p. : _btbls., gráfs., mapas |
||
| 520 | _aTrabajos que estudian la crisis argentina a finales de la última dictadura militar. | ||
| 650 | 4 | _aAGROINDUSTRIA | |
| 650 | 4 | _aANALISIS HISTORICO | |
| 650 | 4 | _aARGENTINA | |
| 650 | 4 | _aCRISIS POLITICA | |
| 650 | 4 | _aCRISIS SOCIAL | |
| 650 | 4 | _aDICTADURA | |
| 650 | 4 | _aECONOMIA | |
| 650 | 4 | _aGOBIERNO MILITAR | |
| 650 | 4 | _aGOLPES DE ESTADO | |
| 650 | 4 | _aPODER ECONOMICO | |
| 650 | 4 | _aPODER POLITICO | |
| 650 | 4 | _aRECESION ECONOMICA | |
| 650 | 4 | _aSECTOR AGROPECUARIO | |
| 650 | 4 | _aVIOLENCIA | |
| 651 | 4 | _aArgentina | |
| 653 | _aPERONISMO | ||
| 905 | _a28235 | ||
| 942 | _cLIB | ||
| 999 |
_c20454 _d20454 |
||